[Event "San Francisco TNM Summer op"]
[Site "San Francisco"]
[Date "2012.07.10"]
[Round "8"]
[White "Margulis, Igor"]
[Black "Poling, Scott"]
[Result "0-1"]
[WhiteElo "2100"]
[BlackElo "1780"]
[PlyCount "80"]
[EventDate "2012.05.22"]
[EventType "swiss"]
[EventRounds "8"]
[EventCountry "USA"]
[SourceTitle "EXT 2014"]
[Source "ChessBase"]
[SourceDate "2013.11.20"]
[SourceVersion "1"]
[SourceVersionDate "2013.11.20"]
[SourceQuality "1"]

1. e4 e6 2. Nf3 c5 3. d4 cxd4 4. Nxd4 Nc6 5. Nc3 Bb4 6. Nxc6 bxc6 7. Qd4 Bxc3+ 8. Qxc3 Qf6 9. Qc5 Qe7 10. Qa5 Nf6 11. e5 Nd5 12. Bd2 0-0 13. c4 Qh4 14. 0-0-0 Nb6 15. Qc5 Ba6 16. b3 f6 17. f4 fxe5 18. g3 Qg4 19. Qxe5 Qf5 20. Bc3 Qxe5 21. Bxe5 d5 22. Bh3 Kf7 23. Rhe1 Rfe8 24. Bd4 dxc4 25. Bxb6 axb6 26. Rd7+ Kf6 27. Rd6 Bc8 28. Rxc6 cxb3 29. Kb2 Rxa2+ 30. Kxb3 Rxh2 31. Bxe6 Rxe6 32. Rec1 Rxc6 33. Rxc6+ Be6+ 34. Kb4 Rg2 35. Rc3 Rb2+ 36. Ka4 b5+ 37. Ka5 Rb3 38. Rxb3 Bxb3 39. Kxb5 Kf5 40. Kc5 Kg4 0-1

[Event "San Francisco TNM Summer op"]
[Site "San Francisco"]
[Date "2011.06.07"]
[Round "3"]
[White "Margulis, Igor"]
[Black "Cunningham, Robin J"]
[Result "0-1"]
[WhiteElo "2100"]
[BlackElo "2274"]
[PlyCount "84"]
[EventDate "2011.05.24"]
[EventType "swiss"]
[EventRounds "8"]
[EventCountry "USA"]
[SourceTitle "EXT 2016"]
[Source "ChessBase"]
[SourceDate "2015.10.08"]
[SourceVersion "1"]
[SourceVersionDate "2015.10.08"]
[SourceQuality "1"]

1. e4 Nf6 2. Nc3 e5 3. Nf3 Nc6 4. d4 Bb4 5. d5 Nxe4 6. dxc6 Nxc3 7. bxc3 Bxc3+ 8. Bd2 Bxa1 9. cxd7+ Bxd7 10. Qxa1 0-0 11. Bc4 Re8 12. 0-0 Be6 13. Bxe6 Rxe6 14. Bc3 f6 15. Qb1 Rb6 16. Qe1 Qd5 17. Qa1 Rd8 18. h3 Rc6 19. Re1 Qc5 20. Re3 Rcd6 21. Qb2 b6 22. Qb3+ Qd5 23. Kh2 Qxb3 24. axb3 a5 25. Ng1 Ra8 26. Re4 Rc6 27. Ne2 b5 28. f4 b4 29. Be1 exf4 30. Nd4 Rd6 31. Nf5 Rd7 32. Rxf4 Re8 33. Bf2 Rd2 34. Kg3 Rxc2 35. Rg4 g6 36. Bd4 Re6 37. Ne3 Rd2 38. Nc4 Rd3+ 39. Kh2 f5 40. Rf4 Re4 41. Be5 Rxf4 42. Bxf4 Rxb3 0-1

[Event "San Francisco TNM Summer op"]
[Site "San Francisco"]
[Date "2011.05.24"]
[Round "1"]
[White "Oca Homer, Nicolas"]
[Black "Margulis, Igor"]
[Result "0-1"]
[WhiteElo "1674"]
[BlackElo "2100"]
[PlyCount "89"]
[EventDate "2011.05.24"]
[EventType "swiss"]
[EventRounds "8"]
[EventCountry "USA"]
[SourceTitle "EXT 2016"]
[Source "ChessBase"]
[SourceDate "2015.10.08"]
[SourceVersion "1"]
[SourceVersionDate "2015.10.08"]
[SourceQuality "1"]

1. a3 e5 2. h3 d5 3. e3 c5 4. c4 d4 5. e4 Nc6 6. d3 Bd6 7. g4 Nge7 8. Bg2 Ng6 9. Nd2 Nf4 10. Bf1 h5 11. gxh5 Qh4 12. Ndf3 Qxh5 13. Bxf4 exf4 14. Qc2 g5 15. Rh2 Bd7 16. Be2 Qh6 17. 0-0-0 0-0-0 18. Kb1 f6 19. Ka1 Qf8 20. Re1 Qe7 21. Bf1 Rh5 22. Rg2 Rdh8 23. Be2 Qd8 24. Nh2 Qa5 25. Rc1 Rh4 26. Bg4 Qd8 27. f3 Ne5 28. Bxd7+ Qxd7 29. Ng4 Qe6 30. Qe2 Ng6 31. Re1 R8h7 32. Qf1 Be5 33. Nxe5 Nxe5 34. Rd2 Rxh3 35. Nxh3 Qxh3 36. Rdd1 Qxf1 37. Rxf1 Rh3 38. Rh1 Rxf3 39. Rh6 Nd7 40. Rg6 Rg3 41. Rg8+ Kc7 42. Rh8 g4 43. Rh5 Kd6 44. Rd5+ Ke6 45. Rh1 0-1

[Event "San Francisco TNM Winter op"]
[Site "San Francisco"]
[Date "2011.02.15"]
[Round "7"]
[White "Margulis, Igor"]
[Black "Todortsev, Victor"]
[Result "1-0"]
[WhiteElo "2100"]
[BlackElo "1919"]
[PlyCount "89"]
[EventDate "2011.01.04"]
[EventType "swiss"]
[EventRounds "8"]
[EventCountry "USA"]
[SourceTitle "EXT 2012"]
[Source "ChessBase"]
[SourceDate "2011.11.24"]
[SourceVersion "1"]
[SourceVersionDate "2011.11.24"]
[SourceQuality "1"]

1. e4 e5 2. Bc4 Nf6 3. d3 Bb4+ 4. c3 Be7 5. Nf3 d6 6. 0-0 0-0 7. Nbd2 Nc6 8. b4 Bg4 9. h3 Bh5 10. Re1 Qd7 11. Nf1 d5 12. exd5 Nxd5 13. b5 Na5 14. Nxe5 Bxd1 15. Nxd7 Nxc4 16. dxc4 Rfe8 17. cxd5 Ba4 18. c4 f6 19. Be3 b6 20. c5 Bxb5 21. c6 Bd6 22. Red1 Ba6 23. a4 Bc8 24. a5 b5 25. Bc5 Bxd7 26. Bxd6 cxd6 27. cxd7 Red8 28. Rac1 Rxd7 29. Rc6 a6 30. Rdc1 Raa7 31. Rb6 Kf7 32. Rcc6 Z0 33. Ne3 g6 34. Kf1 f5 35. Ke2 f4 36. Nd1 Kf6 37. Rxa6 Ke5 38. Nc3 b4 39. Nb5 Rxa6 40. Rxa6 Kxd5 41. Kd3 Kc5 42. Nd4 Rb7 43. Rc6+ Kd5 44. Rb6 Rc7 45. Rxb4 1-0

[Event "San Francisco TNM Winter op"]
[Site "San Francisco"]
[Date "2011.01.25"]
[Round "4"]
[White "Margulis, Igor"]
[Black "James, Charles"]
[Result "1-0"]
[WhiteElo "2100"]
[BlackElo "1395"]
[PlyCount "29"]
[EventDate "2011.01.04"]
[EventType "swiss"]
[EventRounds "8"]
[EventCountry "USA"]
[SourceTitle "EXT 2012"]
[Source "ChessBase"]
[SourceDate "2011.11.24"]
[SourceVersion "1"]
[SourceVersionDate "2011.11.24"]
[SourceQuality "1"]

1. e4 e6 2. Qe2 c5 3. g3 Ne7 4. Bg2 e5 5. Nf3 Nbc6 6. c3 g6 7. Na3 a6 8. Nc4 Qc7 9. a4 Bg7 10. a5 0-0 11. d3 d5 12. Nb6 Rb8 13. exd5 Nxa5 14. Nxc8 Rfxc8 15. d6 1-0

[Event "San Francisco TNM Winter op"]
[Site "San Francisco"]
[Date "2011.01.11"]
[Round "2"]
[White "Byambaa, Uyanga"]
[Black "Margulis, Igor"]
[Result "1-0"]
[WhiteElo "1829"]
[BlackElo "2100"]
[PlyCount "105"]
[EventDate "2011.01.04"]
[EventType "swiss"]
[EventRounds "8"]
[EventCountry "USA"]
[SourceTitle "EXT 2012"]
[Source "ChessBase"]
[SourceDate "2011.11.24"]
[SourceVersion "1"]
[SourceVersionDate "2011.11.24"]
[SourceQuality "1"]

1. e4 e5 2. Nf3 d6 3. Bc4 Be7 4. c3 Nf6 5. 0-0 0-0 6. Re1 Nc6 7. d4 exd4 8. cxd4 d5 9. exd5 Nxd5 10. Nc3 Be6 11. Bd3 Bf6 12. Be3 Re8 13. h3 Qd7 14. Ne4 Be7 15. Bb5 Nxe3 16. fxe3 Qd5 17. Nc3 Qh5 18. Ne5 Qxd1 19. Raxd1 a6 20. Bxc6 bxc6 21. Nxc6 Bh4 22. Rf1 Bc4 23. Rf3 f6 24. e4 Bf7 25. g3 Bh5 26. g4 Bg6 27. e5 a5 28. Re3 Ra6 29. d5 fxe5 30. Rxe5 Bf6 31. Rxe8+ Bxe8 32. Nd4 Rb6 33. b3 Rb4 34. Nce2 a4 35. a3 Rb6 36. b4 Bf7 37. Nc3 Rd6 38. Ndb5 Rd7 39. Nxa4 Rxd5 40. Rxd5 Bxd5 41. Nxc7 Bd4+ 42. Kf1 Bc4+ 43. Ke1 Be5 44. Nb6 Bc3+ 45. Kd1 Bb3+ 46. Ke2 Bb2 47. a4 Be5 48. Ncd5 Kf7 49. a5 Ke6 50. a6 Bb8 51. Nc3 Ba7 52. Nc8 Bc4+ 53. Kd2 1-0

[Event "San Francisco TNM Fall op"]
[Site "San Francisco"]
[Date "2010.10.20"]
[Round "1"]
[White "Margulis, Igor"]
[Black "Chalissery, Jossy"]
[Result "1/2-1/2"]
[WhiteElo "2100"]
[BlackElo "1698"]
[PlyCount "62"]
[EventDate "2010.10.20"]
[EventType "swiss"]
[EventRounds "9"]
[EventCountry "USA"]
[SourceTitle "EXT 2012"]
[Source "ChessBase"]
[SourceDate "2011.11.24"]
[SourceVersion "1"]
[SourceVersionDate "2011.11.24"]
[SourceQuality "1"]

1. e4 b6 2. d3 Bb7 3. g3 e6 4. Bg2 d5 5. Nd2 Nf6 6. e5 Nfd7 7. f4 c5 8. Ngf3 Be7 9. 0-0 Nc6 10. Rf2 g6 11. c3 Bf8 12. h4 Ne7 13. Bh3 Nf5 14. Bxf5 gxf5 15. Ng5 Qe7 16. Qh5 h6 17. Nf1 Rg8 18. Nf3 Rg6 19. Kh2 Qd8 20. d4 Ba6 21. Be3 Bxf1 22. Rfxf1 c4 23. Nd2 Rg4 24. Bf2 b5 25. Rfc1 a5 26. Nf1 Qe7 27. Ne3 Rg6 28. Qf3 Ra6 29. b3 Rb6 30. Rab1 cxb3 31. axb3 Qd8 1/2-1/2

[Event "San Francisco TNM Fall op"]
[Site "San Francisco"]
[Date "2009.11.24"]
[Round "6"]
[White "Margulis, Igor"]
[Black "Drane, Robert W"]
[Result "1/2-1/2"]
[WhiteElo "2100"]
[BlackElo "1861"]
[PlyCount "64"]
[EventDate "2009.10.20"]
[EventType "swiss"]
[EventRounds "9"]
[EventCountry "USA"]
[SourceTitle "EXT 2012"]
[Source "ChessBase"]
[SourceDate "2011.11.24"]
[SourceVersion "1"]
[SourceVersionDate "2011.11.24"]
[SourceQuality "1"]

1. e4 Nf6 2. Nc3 d5 3. e5 Ne4 4. Nce2 d4 5. Nf3 Nc6 6. d3 Nc5 7. h3 g6 8. Bf4 Bg7 9. Qd2 Ne6 10. Bh6 Bxh6 11. Qxh6 Qd5 12. c4 Qc5 13. g3 Nxe5 14. Nxe5 Qxe5 15. Qd2 Bd7 16. Bg2 Bc6 17. Bxc6+ bxc6 18. 0-0 0-0 19. Rfe1 Qd6 20. h4 f5 21. Nf4 Nxf4 22. Qxf4 Qxf4 23. gxf4 Kf7 24. Re5 Rab8 25. b3 Rb6 26. Ra5 Ra8 27. Re1 a6 28. Kg2 e6 29. Kg3 Kf6 30. Re2 h5 31. Re1 Kf7 32. Re2 Kf6 1/2-1/2

[Event "San Francisco TNM Fall op"]
[Site "San Francisco"]
[Date "2009.11.03"]
[Round "3"]
[White "Margulis, Igor"]
[Black "Grey, Peter G"]
[Result "1-0"]
[WhiteElo "2100"]
[BlackElo "2007"]
[PlyCount "69"]
[EventDate "2009.10.20"]
[EventType "swiss"]
[EventRounds "9"]
[EventCountry "USA"]
[SourceTitle "EXT 2012"]
[Source "ChessBase"]
[SourceDate "2011.11.24"]
[SourceVersion "1"]
[SourceVersionDate "2011.11.24"]
[SourceQuality "1"]

1. e4 d5 2. exd5 Qxd5 3. Nf3 Bg4 4. Be2 Nc6 5. 0-0 0-0-0 6. h3 Bh5 7. Nc3 Qa5 8. d3 e5 9. Bd2 Bxf3 10. Bxf3 Nd4 11. Bg4+ f5 12. Ne2 Qc5 13. Nxd4 exd4 14. b4 Qe5 15. Re1 Qf6 16. Bf3 Bd6 17. Qc1 Ne7 18. Bg5 Qf7 19. Qa3 Kb8 20. Qa5 c6 21. b5 c5 22. Re2 Rd7 23. Rae1 h6 24. Bxe7 Rxe7 25. Rxe7 Bxe7 26. Bd5 Qf6 27. Re6 Bd8 28. Rxf6 Bxa5 29. Rf7 Bc7 30. Rxg7 Re8 31. Rg8 Rxg8 32. Bxg8 a6 33. bxa6 b5 34. Be6 f4 35. Bd7 1-0

[Event "San Francisco TNM Fall op"]
[Site "San Francisco"]
[Date "2009.10.20"]
[Round "1"]
[White "Margulis, Igor"]
[Black "Beilin, Allan"]
[Result "1-0"]
[WhiteElo "2100"]
[BlackElo "1715"]
[PlyCount "34"]
[EventDate "2009.10.20"]
[EventType "swiss"]
[EventRounds "9"]
[EventCountry "USA"]
[SourceTitle "EXT 2012"]
[Source "ChessBase"]
[SourceDate "2011.11.24"]
[SourceVersion "1"]
[SourceVersionDate "2011.11.24"]
[SourceQuality "1"]

1. e4 e6 2. Qe2 d6 3. d4 e5 4. Nf3 Nc6 5. d5 Nce7 6. c4 g6 7. Nc3 Bg7 8. Qc2 Nf6 9. b4 0-0 10. a4 Nh5 11. Bd3 f5 12. 0-0 Bd7 13. Re1 f4 14. a5 Bh6 15. Nd2 g5 16. Na4 Nc8 17. b5 g4 1-0

[Event "San Francisco TNM Max Wilkerson op"]
[Site "San Francisco"]
[Date "2009.08.04"]
[Round "2"]
[White "Margulis, Igor"]
[Black "Dembling, Arthur"]
[Result "1-0"]
[WhiteElo "2115"]
[BlackElo "1733"]
[PlyCount "93"]
[EventDate "2009.08.03"]
[EventType "swiss"]
[EventRounds "9"]
[EventCountry "USA"]
[SourceTitle "EXT 2012"]
[Source "ChessBase"]
[SourceDate "2011.11.24"]
[SourceVersion "1"]
[SourceVersionDate "2011.11.24"]
[SourceQuality "1"]

1. e4 e6 2. Nf3 d5 3. e5 c5 4. b4 Qb6 5. bxc5 Bxc5 6. d4 Bb4+ 7. c3 Be7 8. Bd3 Bd7 9. a4 a6 10. 0-0 Nc6 11. Ng5 Qd8 12. f4 Nh6 13. Nxh7 g6 14. Ng5 Qc7 15. Ba3 0-0-0 16. Rf2 Rdf8 17. g3 Nf5 18. Nd2 Bxa3 19. Rxa3 Na5 20. Qe2 Nxd4 21. Qe3 Qc5 22. Nb1 Ndb3 23. Re2 Kb8 24. Qxc5 Nxc5 25. Bc2 Nc4 26. Ra1 Rh5 27. Nd2 Nxd2 28. Rxd2 Kc7 29. Rd4 Kd8 30. c4 Bc6 31. Rc1 Ke7 32. cxd5 Bxd5 33. Bd1 Rxg5 34. Rxc5 Rxg3+ 35. hxg3 Rh8 36. Rc7+ Kd8 37. Rxf7 Rh1+ 38. Kf2 Rh2+ 39. Ke3 Rg2 40. Bf3 Rxg3 41. Rxd5+ exd5 42. Rxb7 d4+ 43. Kf2 Rh3 44. e6 Rh2+ 45. Bg2 Ke8 46. Kg3 Rh5 47. Bc6+ 1-0

[Event "San Francisco TNM Spring op"]
[Site "San Francisco"]
[Date "2009.03.17"]
[Round "2"]
[White "Margulis, Igor"]
[Black "Askin, Michael"]
[Result "1-0"]
[WhiteElo "2112"]
[BlackElo "1731"]
[PlyCount "67"]
[EventDate "2009.03.16"]
[EventType "swiss"]
[EventRounds "8"]
[EventCountry "USA"]
[SourceTitle "EXT 2012"]
[Source "ChessBase"]
[SourceDate "2011.11.24"]
[SourceVersion "1"]
[SourceVersionDate "2011.11.24"]
[SourceQuality "1"]

1. e4 c5 2. g3 Nc6 3. Bg2 Nf6 4. f4 d6 5. d3 g6 6. Nf3 Bg7 7. 0-0 Bd7 8. h3 Qb6 9. Kh2 Qc7 10. a4 c4 11. Na3 Na5 12. Bd2 cxd3 13. cxd3 Qb6 14. b4 Nc6 15. a5 Qd8 16. Nc4 Rc8 17. b5 Nb8 18. Qb3 Nxe4 19. dxe4 Bxa1 20. Rxa1 Be6 21. Qb2 f6 22. Ne3 Nd7 23. Nd4 Bf7 24. a6 b6 25. Nc6 Qc7 26. Rc1 Nc5 27. Qa3 0-0 28. Nd5 Bxd5 29. exd5 Rce8 30. Rd1 e5 31. dxe6 Nxe6 32. Bd5 Qd7 33. Nd4 Kg7 34. Nxe6+ 1-0

[Event "San Francisco TNM Winter op"]
[Site "San Francisco"]
[Date "2009.01.27"]
[Round "4"]
[White "Manvelyan, Hayk"]
[Black "Margulis, Igor"]
[Result "1/2-1/2"]
[WhiteElo "1969"]
[BlackElo "2150"]
[PlyCount "87"]
[EventDate "2009.01.06"]
[EventType "swiss"]
[EventRounds "8"]
[EventCountry "USA"]
[SourceTitle "EXT 2012"]
[Source "ChessBase"]
[SourceDate "2011.11.24"]
[SourceVersion "1"]
[SourceVersionDate "2011.11.24"]
[SourceQuality "1"]

1. e4 g6 2. Nc3 Bg7 3. g3 c5 4. Bg2 Nc6 5. d3 e5 6. f4 d6 7. Nf3 Nge7 8. 0-0 0-0 9. Rb1 Nd4 10. Ne2 Nxf3+ 11. Bxf3 Rb8 12. Be3 b6 13. Qd2 Be6 14. a3 Qd7 15. c4 f5 16. b3 Nc6 17. Nc3 exf4 18. Bxf4 Rfe8 19. exf5 gxf5 20. Nd5 Ne5 21. Bg2 Ng4 22. h3 Nf6 23. Nxf6+ Bxf6 24. Bf3 Red8 25. Qg2 d5 26. Rbd1 Qf7 27. Rfe1 dxc4 28. dxc4 Rxd1 29. Rxd1 Bd4+ 30. Kh2 Qf6 31. Re1 Bf7 32. Bd5 Rd8 33. Qf3 Kg7 34. h4 h6 35. Re2 Rd7 36. Kh3 Qg6 37. Bxf7 Rxf7 38. Be5+ Kh7 39. Bxd4 cxd4 40. Re5 Rd7 41. Rd5 Rxd5 42. cxd5 Qf6 43. Qf4 d3 44. Qe3 1/2-1/2

[Event "San Francisco TNM Fall op"]
[Site "San Francisco"]
[Date "2008.10.14"]
[Round "1"]
[White "MacIntyre, Brendan"]
[Black "Margulis, Igor"]
[Result "0-1"]
[WhiteElo "1636"]
[BlackElo "2104"]
[PlyCount "70"]
[EventDate "2008.10.14"]
[EventType "swiss"]
[EventRounds "10"]
[EventCountry "USA"]
[SourceTitle "EXT 2012"]
[Source "ChessBase"]
[SourceDate "2011.11.24"]
[SourceVersion "1"]
[SourceVersionDate "2011.11.24"]
[SourceQuality "1"]

1. d4 g6 2. Nc3 Bg7 3. Nf3 d6 4. e4 a6 5. Be2 Nd7 6. 0-0 e6 7. Be3 b5 8. a3 Bb7 9. Re1 Ne7 10. Qd2 h6 11. h3 c5 12. dxc5 Nxc5 13. Bxc5 dxc5 14. Qe3 Qc7 15. Rad1 0-0 16. Bd3 Rac8 17. Qc1 Nc6 18. Nb1 Kh7 19. c3 Na5 20. Nbd2 Qb6 21. c4 Rfd8 22. Bf1 b4 23. e5 Nc6 24. b3 bxa3 25. Qxa3 Nb4 26. Qb2 Nd3 27. Bxd3 Rxd3 28. Rb1 Rcd8 29. Ne4 Qb4 30. Qc2 R8d7 31. Nf6+ Bxf6 32. exf6 Bxf3 33. Rxe6 Rd1+ 34. Rxd1 Rxd1+ 35. Kh2 Qb8+ 0-1